000 02120nam a22002537i 4500
001 IT\ICCU\UBO\3248861
003 ItRI
005 20260428192034.0
008 070713s2007 it |||||| ||||| |||||c
020 _a9788848603577
040 _bita
_cArcigay Viterbo
041 7 _aita
_2ISO-639-2
082 _a853.92
_221
100 1 _aVeltroni, Walter
_0IT\ICCU\CFIV\115592
_4aut
240 1 3 _aLa scoperta dell'alba
_9Veltroni, Walter
245 1 3 _aLa scoperta dell'alba /
_cWalter Veltroni.
260 _aMilano :
_bRizzoli,
_c2007
300 _a150 p. ;
_c19 cm
520 _aGiovanni Astengo, poco più di quarant'anni, lavora all'Archivio di Stato, dove cataloga le vite quotidiane eppure straordinarie racchiuse nei diari di persone come tante. Ha una moglie in carriera e due figli amatissimi: Lorenzo, ventenne entusiasta e generoso, e la dolce Stella, una bambina down. E c'è una ferita non rimarginata nel suo passato: una domenica mattina, quando lui aveva tredici anni, suo padre è scomparso per sempre, senza un perché. In un'alba d'agosto, un'alba semplice, banale, senza guizzi né significati, Giovanni prova l'impulso di tornare nel casale di campagna della sua famiglia, il luogo della felicità perduta, abbandonato da decenni. Dentro c'è un telefono di bachelite. Quel vecchio oggetto dimenticato diventa lo strumento grazie al quale Giovanni riesce ad aprire un varco nella barriera del tempo per fare luce sul mistero che ha segnato la sua esistenza. Il primo romanzo di Walter Veltroni racconta la forza e lo strazio dei sentimenti; è un'imprevedibile indagine, un viaggio nella trama dei nostri giorni, intrecciata con le notizie che filtrano dai giornali e dalla televisione, e una dolorosa immersione nella storia insanguinata degli anni di piombo; è un'appassionata dichiarazione d'amore e di fede nel potere unico della letteratura e dell'invenzione fantastica: il potere di svelare il senso nascosto delle cose, e di regalarci un'impossibile consolazione.
830 0 _aLibri oro ;
_v23
_0IT\ICCU\MOD\0949859
942 _2ddc
_cBK
_n0
981 1 _6z01
_ai
_bxxxe
982 1 _6z01
_an
999 _c28955
_d28955